The poetical works of wordsworth

Wedi'i Gadw mewn:
Manylion Llyfryddiaeth
Prif Awdur: Wordsworth, William (Awdur)
Fformat: Llyfr
Iaith:Saesneg
Cyhoeddwyd: Londres Oxford University Press 1936
Pynciau:
Tagiau: Ychwanegu Tag
Dim Tagiau, Byddwch y cyntaf i dagio'r cofnod hwn!

MARC

LEADER 00000nam a2200000 a 4500
001 UCX6277
003 CL-VaPUC
008 930510e19360000UK |||||||||||||||||eng|d
082 0 4 |a 821  |b WOR  |2 21 
100 0 |a Wordsworth, William  |e author  |9 322700 
245 1 4 |a The poetical works of wordsworth 
300 |a 779 p 
942 |c BK 
945 |d 19930510 00:00:00 
260 |a Londres  |b Oxford University Press  |c 1936 
650 0 |a Poesías inglesas  |9 265094 
583 |a last modification  |c 19930510 00:00:00  |k Rodrigo Vera 
999 |c 226320  |d 226318 
952 |0 0  |1 0  |4 0  |6 821_000000000000000_WOR_1936  |7 0  |8 A  |9 224585  |a BIBEDU  |b BIBEDU  |d 2019-11-15  |i 2933578  |o 821 WOR 1936  |p 2933578  |r 2019-11-15  |w 2019-11-15  |y BK  |k LIT